| 000 | 00682nam a22001817a 4500 | ||
|---|---|---|---|
| 003 | AM-YeHGA | ||
| 005 | 20250617154003.0 | ||
| 008 | 180405b xxu||||| |||| 00| 0 rus d | ||
| 040 | _aAM-YeHGA | ||
| 041 | 0 | _arus | |
| 245 | 0 | 0 |
_aАбакан : _bЛитературно-художественный альманах / _cХакас. отд-ние Союза советских писателей СССР |
| 260 |
_aАбакан : _bХакас. кн. изд-во, _c1954 |
||
| 300 | _aвыпуск | ||
| 505 |
_gВып. 6 (1954; 114 с.) _gВып. 7 (1955; 190 с.) |
||
| 653 | 0 | _aСоветская литература - Сборники | |
| 942 |
_2udc _cBK |
||
| 090 | _c404445 | ||
| 999 |
_c402230 _d402230 |
||